English Football Rivalries — Multiple Choice - Statistics

General Stats
  • This quiz has been taken 3,393 times
    1,443 since last reset
  • The average score is 9 of 13
Answer Stats
Question Answer % Correct
Newcastle United Sunderland
95%
Swansea City Cardiff City
89%
Birmingham City Aston Villa
88%
Ipswich Town Norwich City
80%
Portsmouth Southampton
79%
Watford Luton Town
75%
Brighton & Hove Albion Crystal Palace
73%
Exeter City Plymouth Argyle
66%
Port Vale Stoke City
64%
Burnley Blackburn Rovers
62%
Nottingham Forest Derby County
62%
Chester Wrexham
46%
Oxford United Swindon Town
26%
No matching quizzes found
Score Distribution
Percent of People with Each Score
Percentile by Number Answered
Your Score History
You have not taken this quiz since the last reset